000 00311nam a2200109Ia 4500
008 220120s9999||||xx |||||||||||||| ||und||
100 _aThaker, P.K
_911789
245 0 _aWork book for reading comprehension and language practice
260 _aOxford university press
_c2002
300 _b0
650 _aMECHANICHAL
999 _c137193
_d137193